Statistics for Political Parties of China Quiz

Click here to take the quiz!

General Stats

  • This quiz has been taken 27 times
  • The average score is 3 of 9

Answer Stats

HintAnswer% Correct
Main party.Chinese Communist Party
100%
Another party that split from the KuomintangRevolutionary committee of the Chinese Kuomintang
54%
Deals with the 'Chinese Taipei' issue.Taiwan Democratic Self-Governing League
35%
Founded during WWII as part of the united front against the Japanese.China Democratic League
23%
Members are primarily entrepreneurs from the building or construction industry.China National Democratic Construction Association
23%
Original members were left wing Kuomintang.Chinese Peasants' and Workers' Democratic Party
23%
Mainly represents high level intellects.China Association for Promoting Democracy
19%
Represents overseas chinese people.China Zhi Gong Party
19%
To lead the nation to power and the people to prosperityJuisan Society
19%

Score Distribution

Percentile by Number Answered

Percent of People with Each Score

Your Score History

You have not taken this quiz